Intensive pedestrian and reconnaissance survey for the proposed County Road 220 from State Highway 288 to Farm-to-Market road 523 in Brazoria County, Texas /

Bibliographic Details
Main Author: Foradas, James G.
Corporate Authors: HRA Gray & Pape, LLC, Texas Antiquities Committee
Other Authors: Sick, Rebecca F. (Rebecca Faye)
Format: Book
Language:English
Published: [Houston, Tex.] : [HRA Gray & Pape], [2008]
Subjects:

MARC

Tag First Indicator Second Indicator Subfields
LEADER 00000cam a2200000Ia 4500
001 in00002425364
005 20151109141524.0
008 081010s2008 txuab b s000 0 eng d
035 |a (OCoLC)ocn261405101 
035 |a (OCoLC)261405101 
040 |a ILU  |c ILU  |d ILU  |d TXA  |d UtOrBLW 
043 |a n-us-tx 
049 |a TXAM 
050 4 |a F392.B82  |b F67574 2008 
100 1 |a Foradas, James G. 
245 1 0 |a Intensive pedestrian and reconnaissance survey for the proposed County Road 220 from State Highway 288 to Farm-to-Market road 523 in Brazoria County, Texas /  |c prepared by James G. Foradas and Rebecca F. Sick ; James G. Foradas, principal investigator. 
264 1 |a [Houston, Tex.] :  |b [HRA Gray & Pape],  |c [2008] 
300 |a iii, 18 pages, 4 unnumbered leaves :  |b illustrations (some color), color maps (some folded) ;  |c 28 cm. 
336 |a text  |b txt  |2 rdacontent 
337 |a unmediated  |b n  |2 rdamedia 
338 |a volume  |b nc  |2 rdacarrier 
500 |a "August 22, 2008." 
500 |a "Texas Antiquities permit number 4323." 
500 |a "HRA Gray & Pape project 346.00." 
500 |a "Lead agency: Texas Department of Transportation (TxDOT), Houston District TxDOT CSJ Number 0912-31-195." 
500 |a "Prepared for: Jacobs Carter Burgess, Inc., Houston, Texas." 
504 |a Includes bibliographical references (leaves 17-18). 
650 0 |a Archaeological surveying  |z Texas  |z Brazoria County. 
650 0 |a Excavations (Archaeology)  |z Texas  |z Brazoria County. 
651 0 |a Brazoria County (Tex.)  |x Antiquities. 
700 1 |a Sick, Rebecca F.  |q (Rebecca Faye) 
710 2 |a HRA Gray & Pape, LLC. 
710 2 |a Texas Antiquities Committee. 
948 |a cataloged  |b h  |c 2008/10/14  |d c  |e tchubaryan  |f 2:33:26 pm 
994 |a C0  |b TXA 
999 |a MARS 
999 f f |s 4a68090e-4132-3273-a7ed-c6dca4b444ef  |i 42847080-adcc-34fb-8c76-73ca2ccf0258  |t 0 
952 f f |p ric  |a Texas A&M University  |b Rellis Campus  |c Joint Library Facility  |d Remote Storage  |t 0  |e F392.B82 F67574 2008  |h Library of Congress classification  |i unmediated -- volume  |m A14837359356 
998 f f |a F392.B82 F67574 2008  |t 0  |l Remote Storage